| 000 | 00451nam a2200181Ia 4500 | ||
|---|---|---|---|
| 008 | 240925s9999 xx 000 0 und d | ||
| 020 | _a9788131763780 | ||
| 082 | _a338.7 SAL | ||
| 100 | _aSaleem, Shaikh | ||
| 245 | 0 | _aBusiness Environment | |
| 250 | _a1st | ||
| 260 |
_aIndia: _bPearson Education _c,2012. |
||
| 300 |
_a281p. _b0 _fOriginal |
||
| 500 | _aIncludes Index | ||
| 600 | _aSocial Sciences | ||
| 650 | _aSocial Sciences | ||
| 942 | _cBK | ||
| 999 |
_c16627 _d16627 |
||